[Event "1.Bundesliga Frauen 2019/20"]
[Site "Linz, Volkshaus Bindermichl"]
[Date "2019.10.13"]
[Round "3"]
[Board "3"]
[White "Saler-Grafenberger, Elisabeth"]
[Black "Vujnovic, Patricija"]
[Result "0-1"]
[WhiteElo "1855"]
[BlackElo "2103"]
[PlyCount "106"]
[EventDate "2019.10.11"]
[EventType "team"]
[EventRounds "9"]
[EventCountry "AUT"]
[WhiteTeam "SpG Steyr"]
[BlackTeam "ASVOE Wulkaprodersdorf"]

1. c4 e6 2. d4 d5 3. Nc3 c6 4. Nf3 dxc4 5. a4 Bb4 6. e3 b5 7. Be2 Bb7 8. O-O a6
9. Qc2 Ne7 10. Bd2 Bxc3 11. bxc3 Nd7 12. Rfb1 Qc7 13. a5 c5 14. Bc1 Nf6 15. Nd2
O-O 16. Bf3 Bxf3 17. Nxf3 cxd4 18. exd4 Nc6 19. Ba3 Rfd8 20. Bb4 Nxb4 21. Rxb4
Rd5 22. h3 Rad8 23. Rbb1 Nd7 24. Qe4 Nf6 25. Qe3 h6 26. Ne5 Rxe5 27. dxe5 Nd5
28. Qd4 Rc8 29. Rc1 Qc5 30. Qe4 Rb8 31. Qh4 Qe7 32. Qd4 Rc8 33. Rc2 Rc7 34. Qe4
Qg5 35. Rd1 Qg6 36. Qxg6 fxg6 37. Rd4 g5 38. g3 Kh7 39. Kg2 Rf7 40. Rxd5 exd5
41. Rd2 Rd7 42. e6 Re7 43. Rxd5 Rxe6 44. Rc5 Rd6 45. Re5 Rd3 46. Re6 Rxc3 47.
Rxa6 Ra3 48. Kf1 Ra2 49. Ke1 b4 50. Rb6 b3 51. a6 c3 52. Rxb3 Ra1+ 53. Ke2 c2
 0-1

[Event "1.Bundesliga Frauen 2019/20"]
[Site "Linz, Volkshaus Bindermichl"]
[Date "2019.10.13"]
[Round "3"]
[Board "4"]
[White "Moerwald, Miriam"]
[Black "Nagy, Laura"]
[Result "0-1"]
[WhiteElo "1738"]
[BlackElo "1851"]
[PlyCount "78"]
[EventDate "2019.10.11"]
[EventType "team"]
[EventRounds "9"]
[EventCountry "AUT"]
[WhiteTeam "ASVOE Wulkaprodersdorf"]
[BlackTeam "SpG Steyr"]

1. e4 e5 2. Nf3 Nc6 3. Nc3 Nf6 4. Bb5 a6 5. Bxc6 dxc6 6. O-O Bd6 7. d3 h6 8.
Ne2 c5 9. Re1 Bg4 10. Ng3 g6 11. h3 Be6 12. Be3 Nd7 13. Qd2 Bf8 14. Qc3 f6 15.
Nh4 Bf7 16. Nf3 Bd6 17. Qd2 h5 18. h4 Qe7 19. c3 O-O-O 20. Rec1 Kb8 21. Qc2 Nb6
22. a3 Rhe8 23. b4 c4 24. d4 exd4 25. Bxd4 Nd7 26. Re1 Ne5 27. Nxe5 Bxe5 28.
Bc5 Qe6 29. Nf1 Rd3 30. Re3 Bxc3 31. Rc1 Red8 32. Rxd3 Rxd3 33. Rd1 Rxd1 34.
Qxd1 b6 35. Bd4 Qd6 36. Qc1 Qxd4 37. Qh6 Kb7 38. Qf8 Be6 39. Ng3 Be1  0-1

[Event "1.Bundesliga Frauen 2019/20"]
[Site "Linz, Volkshaus Bindermichl"]
[Date "2019.10.13"]
[Round "3"]
[Board "1"]
[White "Ragger, Anna-Christina"]
[Black "Schnegg, Anna-Lena"]
[Result "1-0"]
[WhiteElo "2203"]
[BlackElo "2223"]
[PlyCount "95"]
[EventDate "2019.10.11"]
[EventType "team"]
[EventRounds "9"]
[EventCountry "AUT"]
[WhiteTeam "SV Grafik-Druck Knapp St.Veit/Glan"]
[BlackTeam "Mayrhofen/SK Zell/Zillertal"]

1. d4 d6 2. e4 Nd7 3. Nf3 e5 4. Bc4 Be7 5. dxe5 Nxe5 6. Nxe5 dxe5 7. Qh5 g6 8.
Qxe5 Nf6 9. Bh6 Qd6 10. Qxd6 cxd6 11. Nc3 Be6 12. Bb3 O-O-O 13. Rd1 Rhe8 14.
O-O Ng4 15. Bf4 g5 16. Bg3 Ne5 17. Bxe6+ fxe6 18. Bxe5 dxe5 19. Rxd8+ Rxd8 20.
Rd1 Rf8 21. Rd3 g4 22. h3 h5 23. hxg4 hxg4 24. g3 Bc5 25. Nd1 Kc7 26. Kg2 b5
27. f3 gxf3+ 28. Rxf3 Rc8 29. Rc3 Kd7 30. Nf2 b4 31. Rc4 Bd4 32. Rxc8 Kxc8 33.
Nd3 a5 34. Kf3 Kd7 35. Kg4 Ke7 36. Kh5 Kf6 37. g4 Be3 38. b3 Bd4 39. Ne1 Be3
40. Nf3 Bd4 41. g5+ Kg7 42. Ne1 Be3 43. Nd3 Bd4 44. g6 Bb6 45. Nxe5 Bd8 46. Nf7
Be7 47. e5 Bc5 48. Nd8  1-0

[Event "1.Bundesliga Frauen 2019/20"]
[Site "Linz, Volkshaus Bindermichl"]
[Date "2019.10.13"]
[Round "3"]
[Board "2"]
[White "Fuchs, Judith"]
[Black "Kejzar, Petra"]
[Result "1-0"]
[WhiteElo "2216"]
[BlackElo "2057"]
[PlyCount "95"]
[EventDate "2019.10.11"]
[EventType "team"]
[EventRounds "9"]
[EventCountry "AUT"]
[WhiteTeam "Mayrhofen/SK Zell/Zillertal"]
[BlackTeam "SV Grafik-Druck Knapp St.Veit/Glan"]

1. d4 Nf6 2. Bf4 e6 3. e3 c5 4. c3 Nc6 5. Nd2 d5 6. Ngf3 Bd6 7. Bg3 O-O 8. Bb5
a6 9. Bxc6 bxc6 10. Qa4 Bb7 11. Bxd6 Qxd6 12. Qa3 a5 13. Nb3 Nd7 14. Nxc5 Nxc5
15. Qxc5 Qxc5 16. dxc5 a4 17. Kd2 Ra5 18. b4 axb3 19. axb3 Rxc5 20. Nd4 e5 21.
b4 Rc4 22. Nf5 Rd8 23. Ra7 Rd7 24. Rha1 h5 25. Rxb7 Rxb7 26. Ra8+ Kh7 27. Nd6
Rd7 28. Nxc4 dxc4+ 29. Kc2 Rd6 30. Ra5 Rf6 31. f3 Rg6 32. g3 h4 33. Rxe5 hxg3
34. Rh5+ Kg8 35. hxg3 Rxg3 36. Rc5 Rxf3 37. Rxc6 Rxe3 38. Rc8+ Kh7 39. Rxc4 g5
40. b5 Kg6 41. b6 Re8 42. b7 Rb8 43. Rc7 Kf6 44. c4 Ke6 45. c5 g4 46. Kd3 Rd8+
47. Ke3 g3 48. Rc8  1-0

[Event "1.Bundesliga Frauen 2019/20"]
[Site "Linz, Volkshaus Bindermichl"]
[Date "2019.10.13"]
[Round "3"]
[Board "3"]
[White "Tarmastin, Laura"]
[Black "Mayrhuber, Nikola"]
[Result "1/2-1/2"]
[WhiteElo "1903"]
[BlackElo "2024"]
[PlyCount "66"]
[EventDate "2019.10.11"]
[EventType "team"]
[EventRounds "9"]
[EventCountry "AUT"]
[WhiteTeam "SV Grafik-Druck Knapp St.Veit/Glan"]
[BlackTeam "Mayrhofen/SK Zell/Zillertal"]

1. c4 e6 2. Nf3 d5 3. d4 Nf6 4. Nc3 dxc4 5. e3 a6 6. Bxc4 b5 7. Bd3 Bb7 8. a3
c5 9. dxc5 Bxc5 10. Be2 Nbd7 11. O-O O-O 12. b4 Ba7 13. Bb2 Qe7 14. Qb3 Nd5 15.
Rfd1 Rac8 16. a4 bxa4 17. Rxa4 N7b6 18. Raa1 Qxb4 19. Qxb4 Nxb4 20. Nb5 Bb8 21.
Nd6 Bxd6 22. Rxd6 Nc4 23. Bxc4 Rxc4 24. Ne5 Rc7 25. Rb6 Nd5 26. Rb3 f6 27. Nd3
Ra8 28. Ra5 Bc8 29. e4 Ne7 30. e5 Nd5 31. Nc5 Kf7 32. h3 Rc6 33. Bd4 Nc7
 1/2-1/2

[Event "1.Bundesliga Frauen 2019/20"]
[Site "Linz, Volkshaus Bindermichl"]
[Date "2019.10.13"]
[Round "3"]
[Board "4"]
[White "Wu, Min"]
[Black "Krassnitzer, Maria"]
[Result "1-0"]
[WhiteElo "1945"]
[BlackElo "1666"]
[PlyCount "55"]
[EventDate "2019.10.11"]
[EventType "team"]
[EventRounds "9"]
[EventCountry "AUT"]
[WhiteTeam "Mayrhofen/SK Zell/Zillertal"]
[BlackTeam "SV Grafik-Druck Knapp St.Veit/Glan"]

1. e4 d5 2. exd5 Qxd5 3. Nc3 Qa5 4. d4 Nf6 5. Nf3 Bf5 6. Bd2 c6 7. Bc4 e6 8.
Ne4 Qc7 9. Nxf6+ gxf6 10. Qe2 Nd7 11. O-O-O O-O-O 12. Nh4 Bxc2 13. Kxc2 Nb6 14.
Bb3 Rxd4 15. Bc3 Rxd1 16. Rxd1 Be7 17. g3 Nd5 18. Bxd5 cxd5 19. Kb1 Kb8 20. Rc1
Qb6 21. Qd2 Rc8 22. Nf3 Qd8 23. Rd1 Bc5 24. Ne1 Bb6 25. f4 Rc4 26. Nc2 Re4 27.
Qd3 Bc5 28. Qxe4  1-0

[Event "1.Bundesliga Frauen 2019/20"]
[Site "Linz, Volkshaus Bindermichl"]
[Date "2019.10.13"]
[Round "3"]
[Board "1"]
[White "Unuk, Laura"]
[Black "Froewis, Annika"]
[Result "1-0"]
[WhiteElo "2379"]
[BlackElo "2145"]
[PlyCount "93"]
[EventDate "2019.10.11"]
[EventType "team"]
[EventRounds "9"]
[EventCountry "AUT"]
[WhiteTeam "SK Advisory Invest Baden"]
[BlackTeam "SK Dornbirn"]

1. d4 d5 2. c4 e6 3. Nf3 Nf6 4. g3 Be7 5. Bg2 O-O 6. Nc3 dxc4 7. Ne5 Nc6 8.
Bxc6 bxc6 9. Nxc6 Qe8 10. Nxe7+ Qxe7 11. Qa4 Bb7 12. O-O e5 13. Qxc4 exd4 14.
Qxd4 Qe6 15. f3 Nd5 16. Ne4 Bc6 17. b3 Rfd8 18. Bb2 f6 19. Rad1 a5 20. Rd2 Nb4
21. Qxd8+ Rxd8 22. Rxd8+ Kf7 23. Nc3 Qe3+ 24. Rf2 Ke7 25. Rd1 Ke6 26. a3 Nd5
27. Rd3 Qb6 28. Ne4 h6 29. Bd4 Qb8 30. Nc5+ Kf7 31. e4 Nb6 32. Rc3 Nd7 33. Rfc2
Nxc5 34. Rxc5 Bb5 35. Rxc7+ Kg6 36. R7c5 Bd3 37. R2c3 Be2 38. Kf2 Bd1 39. h4 h5
40. Rxa5 Bxb3 41. Ra7 Qd6 42. Be3 Qd1 43. Rcc7 Kh7 44. Rxg7+ Kh8 45. Rh7+ Kg8
46. Rag7+ Kf8 47. Bc5+  1-0

[Event "1.Bundesliga Frauen 2019/20"]
[Site "Linz, Volkshaus Bindermichl"]
[Date "2019.10.13"]
[Round "3"]
[Board "2"]
[White "Novkovic, Julia"]
[Black "Trippold, Denise"]
[Result "1/2-1/2"]
[WhiteElo "2170"]
[BlackElo "2158"]
[PlyCount "73"]
[EventDate "2019.10.11"]
[EventType "team"]
[EventRounds "9"]
[EventCountry "AUT"]
[WhiteTeam "SK Dornbirn"]
[BlackTeam "SK Advisory Invest Baden"]

1. e4 e6 2. d4 d5 3. Nd2 c5 4. exd5 exd5 5. Bb5+ Nc6 6. Qe2+ Qe7 7. Qxe7+ Bxe7
8. dxc5 Bxc5 9. Nb3 Bb6 10. Nf3 Nge7 11. O-O O-O 12. Bf4 a6 13. Bxc6 Nxc6 14.
Rad1 Rd8 15. Nfd4 Bd7 16. Rfe1 Rac8 17. c3 Re8 18. Be3 Ne5 19. Nc2 Bc7 20. Nc5
Bg4 21. Rxd5 h5 22. f3 Bf5 23. Nd4 Bg6 24. b4 Nc4 25. Bf2 Nb6 26. Rg5 Bf4 27.
Rxg6 Rxe1+ 28. Bxe1 fxg6 29. Nxb7 Na4 30. Nb3 Nxc3 31. N7c5 Nxa2 32. Kf2 Rc6
33. Na5 Rb6 34. Nc4 Rc6 35. Na5 Rb6 36. Nc4 Rc6 37. Na5  1/2-1/2

[Event "1.Bundesliga Frauen 2019/20"]
[Site "Linz, Volkshaus Bindermichl"]
[Date "2019.10.13"]
[Round "3"]
[Board "3"]
[White "Vidic, Teja"]
[Black "Motycakova, Monika"]
[Result "1-0"]
[WhiteElo "2242"]
[BlackElo "2126"]
[PlyCount "81"]
[EventDate "2019.10.11"]
[EventType "team"]
[EventRounds "9"]
[EventCountry "AUT"]
[WhiteTeam "SK Advisory Invest Baden"]
[BlackTeam "SK Dornbirn"]

1. Nf3 d5 2. c4 d4 3. e3 Nc6 4. b4 dxe3 5. fxe3 Nxb4 6. d4 c5 7. a3 Na6 8. d5
Nf6 9. Bd3 g6 10. e4 Bg7 11. e5 Ng4 12. Bf4 Qa5+ 13. Qd2 Qxd2+ 14. Nbxd2 h5 15.
O-O O-O 16. h3 Bh6 17. Bxh6 Nxh6 18. Nh4 Kg7 19. Rf3 Bd7 20. Raf1 g5 21. Rg3 f6
22. Ng6 h4 23. Nxf8 Rxf8 24. exf6+ exf6 25. Re3 Rf7 26. Ref3 f5 27. g3 hxg3 28.
Rxg3 g4 29. Rf4 Re7 30. hxg4 fxg4 31. Ne4 Re5 32. Nd6 b6 33. Kf2 Nc7 34. Re3
Rxe3 35. Kxe3 Ne8 36. Nf5+ Nxf5+ 37. Bxf5 Bxf5 38. Rxf5 Kg6 39. Re5 Nf6 40. Re7
b5 41. d6  1-0

[Event "1.Bundesliga Frauen 2019/20"]
[Site "Linz, Volkshaus Bindermichl"]
[Date "2019.10.13"]
[Round "3"]
[Board "4"]
[White "Kurapova, Olga"]
[Black "Mar, Karmen"]
[Result "0-1"]
[WhiteElo "1935"]
[BlackElo "2084"]
[PlyCount "60"]
[EventDate "2019.10.11"]
[EventType "team"]
[EventRounds "9"]
[EventCountry "AUT"]
[WhiteTeam "SK Dornbirn"]
[BlackTeam "SK Advisory Invest Baden"]

1. d4 d5 2. c4 c6 3. cxd5 cxd5 4. Nc3 Nc6 5. Bf4 Bf5 6. Qb3 Nxd4 7. Qa4+ Nc6 8.
e4 Bxe4 9. Nxe4 dxe4 10. Bb5 Rc8 11. Qxa7 e5 12. Qxb7 Bb4+ 13. Ke2 Kf8 14. Rd1
Nd4+ 15. Kf1 exf4 16. Ne2 Bc5 17. b4 Rb8 18. Qxe4 Nf6 19. Qd3 Bb6 20. Nxd4 Qxd4
21. Qxd4 Bxd4 22. a4 Bc3 23. Ke2 Bxb4 24. Rd4 Ba5 25. Rhd1 Ke7 26. Rd6 Rhd8 27.
Ra6 Rxd1 28. Kxd1 Bb6 29. Ke2 Nd5 30. a5 Nc7  0-1

[Event "1.Bundesliga Frauen 2019/20"]
[Site "Linz, Volkshaus Bindermichl"]
[Date "2019.10.13"]
[Round "3"]
[Board "1"]
[White "Theissl-Pokorna, Regina"]
[Black "Mader, Manuela"]
[Result "1-0"]
[WhiteElo "2296"]
[BlackElo "2206"]
[PlyCount "53"]
[EventDate "2019.10.11"]
[EventType "team"]
[EventRounds "9"]
[EventCountry "AUT"]
[WhiteTeam "ASVOE Pamhagen 1"]
[BlackTeam "SK DolomitenBank Lienz"]

1. d4 Nf6 2. Bf4 d5 3. e3 Bf5 4. Nf3 c5 5. dxc5 Qa5+ 6. Nbd2 Nc6 7. Nd4 Nxd4 8.
exd4 Qb4 9. c3 Qxb2 10. Qc1 Qxc1+ 11. Rxc1 O-O-O 12. Nf3 Nh5 13. Be3 f6 14. h3
g5 15. g3 Be4 16. Be2 Ng7 17. O-O h5 18. Nd2 Bg6 19. c4 e6 20. c6 Rd6 21. cxb7+
Kxb7 22. Nb3 Be7 23. c5 Rdd8 24. c6+ Ka8 25. c7 Rc8 26. Ba6 Ba3 27. Na5  1-0

[Event "1.Bundesliga Frauen 2019/20"]
[Site "Linz, Volkshaus Bindermichl"]
[Date "2019.10.13"]
[Round "3"]
[Board "2"]
[White "Frey, Alisa"]
[Black "Worek, Joanna"]
[Result "1/2-1/2"]
[WhiteElo "2087"]
[BlackElo "2326"]
[PlyCount "136"]
[EventDate "2019.10.11"]
[EventType "team"]
[EventRounds "9"]
[EventCountry "AUT"]
[WhiteTeam "SK DolomitenBank Lienz"]
[BlackTeam "ASVOE Pamhagen 1"]

1. e4 c5 2. Nf3 Nc6 3. d4 cxd4 4. Nxd4 Nf6 5. Nc3 d6 6. Bg5 e6 7. Qd2 a6 8.
O-O-O h6 9. Bxf6 Qxf6 10. g3 Nxd4 11. Qxd4 Qxd4 12. Rxd4 Bd7 13. Bg2 Rc8 14.
Rhd1 Be7 15. f4 b5 16. a4 O-O 17. Bf1 Rb8 18. axb5 axb5 19. Na2 Ra8 20. Nb4
Rfc8 21. Kb1 Rc7 22. c3 Rca7 23. Kc2 g6 24. Bg2 Rc8 25. Kb1 Kg7 26. Bf1 f5 27.
Re1 Rca8 28. Kc2 Ra1 29. Rxa1 Rxa1 30. Bg2 Rg1 31. Bf3 fxe4 32. Bxe4 d5 33. Bf3
Bc5 34. Rd2 Bxb4 35. cxb4 Kf6 36. Kd3 Rc1 37. Rc2 Rxc2 38. Kxc2 g5 39. Bg4 gxf4
40. gxf4 Be8 41. Kd3 e5 42. Ke3 h5 43. Bh3 Bc6 44. Bc8 d4+ 45. Kd3 Bg2 46. Bd7
Ke7 47. Bc8 Kd6 48. h4 Bd5 49. Bf5 Ba2 50. fxe5+ Kxe5 51. Bd7 Bc4+ 52. Kd2 Kf4
53. b3 Bf1 54. Ke1 Bg2 55. Bxb5 Ke3 56. Be2 d3 57. Bxh5 Bc6 58. Bg4 Be4 59. Bd1
d2+ 60. Kf1 Bf3 61. Bc2 Bg4 62. b5 Be2+ 63. Kg2 Bxb5 64. b4 Bd3 65. Bd1 Be2 66.
Bc2 Bd3 67. Bd1 Be2 68. Bc2 Bd3  1/2-1/2

[Event "1.Bundesliga Frauen 2019/20"]
[Site "Linz, Volkshaus Bindermichl"]
[Date "2019.10.13"]
[Round "3"]
[Board "3"]
[White "Boric, Elena"]
[Black "Landl, Margot"]
[Result "1-0"]
[WhiteElo "2179"]
[BlackElo "2012"]
[PlyCount "83"]
[EventDate "2019.10.11"]
[EventType "team"]
[EventRounds "9"]
[EventCountry "AUT"]
[WhiteTeam "ASVOE Pamhagen 1"]
[BlackTeam "SK DolomitenBank Lienz"]

1. d4 {[%emt 0:00:00]} f5 2. e4 fxe4 3. Nc3 Nf6 4. Bg5 c6 5. f3 exf3 6. Nxf3 g6
7. Bd3 Bg7 8. Qd2 O-O 9. O-O-O d6 10. Rde1 b5 11. h4 b4 12. Nd1 Ba6 13. h5 Qa5
14. Kb1 Bxd3 15. Qxd3 Nxh5 16. Bxe7 Re8 17. Bxd6 Nd7 18. Qc4+ Qd5 19. Qxd5+
cxd5 20. Bxb4 Ng3 21. Rxe8+ Rxe8 22. Re1 Rxe1 23. Bxe1 Nf5 24. c3 Bf6 25. a4 g5
26. g4 Nd6 27. Ne3 Nb6 28. a5 Nbc4 29. Nxd5 Bd8 30. a6 Kf7 31. b3 Na5 32. Kc2
Nc6 33. Kd3 Nb8 34. Bg3 Ke6 35. Nb4 h6 36. d5+ Ke7 37. Nd4 Bb6 38. c4 Kd7 39.
Ne6 Ba5 40. Nc5+ Ke7 41. Bxd6+ Kxd6 42. Nb7+  1-0

[Event "1.Bundesliga Frauen 2019/20"]
[Site "Linz, Volkshaus Bindermichl"]
[Date "2019.10.13"]
[Round "3"]
[Board "4"]
[White "Mattersberger, Melanie"]
[Black "Kosc, Renata"]
[Result "1/2-1/2"]
[WhiteElo "1752"]
[BlackElo "1988"]
[PlyCount "112"]
[EventDate "2019.10.11"]
[EventType "team"]
[EventRounds "9"]
[EventCountry "AUT"]
[WhiteTeam "SK DolomitenBank Lienz"]
[BlackTeam "ASVOE Pamhagen 1"]

1. e4 c5 2. Nf3 Nc6 3. Bb5 e6 4. O-O a6 5. Bxc6 dxc6 6. c3 Nf6 7. Re1 Be7 8. d4
cxd4 9. cxd4 c5 10. e5 Nd5 11. Nc3 cxd4 12. Qa4+ Bd7 13. Qxd4 Nxc3 14. Qxc3 Bc6
15. Nd4 Bd5 16. Be3 Rc8 17. Qd2 O-O 18. a3 Qd7 19. Rad1 Rc7 20. Nf5 Rfc8 21.
Nxe7+ Qxe7 22. Bg5 Qc5 23. Rc1 Qxc1 24. Rxc1 Rxc1+ 25. Qxc1 Rxc1+ 26. Bxc1 f6
27. f4 fxe5 28. fxe5 Kf7 29. Kf2 Kg6 30. Bd2 Kf5 31. Bc3 Ke4 32. h3 h5 33. Kg3
Kf5 34. Kf2 Kf4 35. Bd2+ Ke4 36. Bc3 g6 37. g3 Bb3 38. Ke2 b6 39. Kf2 a5 40.
Ke2 a4 41. Kf2 Bd1 42. Ke1 Kf3 43. Kxd1 Kxg3 44. Ke2 Kxh3 45. Bd2 Kg4 46. Kf2
Kf5 47. Bc3 g5 48. Kf3 h4 49. Bd4 b5 50. Bc3 g4+ 51. Kg2 Kf4 52. Kh2 Kf3 53.
Bd4 Ke4 54. Bc3 Kf3 55. Bd4 Ke4 56. Bc3 Kf3  1/2-1/2

[Event "1.Bundesliga Frauen 2019/20"]
[Site "Linz, Volkshaus Bindermichl"]
[Date "2019.10.13"]
[Round "3"]
[Board "1"]
[White "Brunello, Marina"]
[Black "Rozman, Monika"]
[Result "1-0"]
[WhiteElo "2368"]
[BlackElo "2136"]
[PlyCount "65"]
[EventDate "2019.10.11"]
[EventType "team"]
[EventRounds "9"]
[EventCountry "AUT"]
[WhiteTeam "Schach ohne Grenzen"]
[BlackTeam "SV Kaerntner Stub'n Rapid Feffernitz"]

1. e4 e5 2. Nf3 Nc6 3. Bc4 Bc5 4. c3 Nf6 5. d3 O-O 6. Bb3 a6 7. O-O d6 8. h3 h6
9. Re1 Ba7 10. Nbd2 Be6 11. Bc2 Ne7 12. Nf1 Ng6 13. Ng3 c6 14. d4 Qd7 15. Be3
Rfd8 16. Qd2 Qc7 17. Rad1 b5 18. Qc1 a5 19. Bb1 Kh7 20. Nf5 Ng8 21. Nh2 c5 22.
d5 Bc8 23. Ng4 c4 24. Bxh6 Bxf5 25. exf5 gxh6 26. Re4 Rf8 27. Kh1 h5 28. Qg5
hxg4 29. fxg6+ Kg7 30. gxf7+ Kxf7 31. Rxe5 dxe5 32. Qg6+ Ke7 33. d6+  1-0

[Event "1.Bundesliga Frauen 2019/20"]
[Site "Linz, Volkshaus Bindermichl"]
[Date "2019.10.13"]
[Round "3"]
[Board "2"]
[White "Hercog, Nusa"]
[Black "Gueci, Tea"]
[Result "0-1"]
[WhiteElo "2042"]
[BlackElo "2228"]
[PlyCount "102"]
[EventDate "2019.10.11"]
[EventType "team"]
[EventRounds "9"]
[EventCountry "AUT"]
[WhiteTeam "SV Kaerntner Stub'n Rapid Feffernitz"]
[BlackTeam "Schach ohne Grenzen"]

1. d4 Nf6 2. c4 e6 3. Nf3 d5 4. Nc3 Bb4 5. Qb3 c5 6. dxc5 Nc6 7. Bg5 h6 8. Bxf6
Qxf6 9. e3 dxc4 10. Bxc4 Qe7 11. O-O Bxc5 12. Rfd1 O-O 13. Be2 Bb6 14. Rac1 Bd7
15. Nb5 Rfd8 16. Nd6 Rab8 17. Nc4 Bc7 18. Qa3 Qxa3 19. Nxa3 a6 20. Nc2 Rbc8 21.
b4 Ne7 22. b5 axb5 23. Nfd4 Bc6 24. Nxb5 Bxb5 25. Rxd8+ Bxd8 26. Bxb5 Nd5 27.
Kf1 Bf6 28. Ba4 Nb4 29. a3 b5 30. Bb3 Bb2 31. Rb1 Nxc2 32. Rxb2 Nxa3 33. Ke2
Kf8 34. Kd3 Ke7 35. Ba2 Rc5 36. Kd4 Kd6 37. e4 Rc2 38. Rxc2 Nxc2+ 39. Kc3 Ne1
40. g3 Kc5 41. h4 Nf3 42. Bb3 b4+ 43. Kd3 Ne5+ 44. Ke3 Ng4+ 45. Ke2 Kd4 46. f3
Kc3 47. Ba2 Ne5 48. f4 Nc4 49. Bb1 Nd2 50. Bd3 b3 51. f5 b2  0-1

[Event "1.Bundesliga Frauen 2019/20"]
[Site "Linz, Volkshaus Bindermichl"]
[Date "2019.10.13"]
[Round "3"]
[Board "3"]
[White "Anker, Christin"]
[Black "Tscharnuter, Alexandra"]
[Result "1-0"]
[WhiteElo "1843"]
[BlackElo "1759"]
[PlyCount "121"]
[EventDate "2019.10.11"]
[EventType "team"]
[EventRounds "9"]
[EventCountry "AUT"]
[WhiteTeam "Schach ohne Grenzen"]
[BlackTeam "SV Kaerntner Stub'n Rapid Feffernitz"]

1. e4 e5 2. Nf3 Nc6 3. d4 exd4 4. Bc4 Nf6 5. e5 Ne4 6. Bd5 Nc5 7. O-O Be7 8.
Nxd4 Nxd4 9. Qxd4 O-O 10. Nc3 c6 11. Bc4 d5 12. exd6 Qxd6 13. Be3 Qxd4 14. Bxd4
Bf5 15. Rfe1 Ne6 16. Bb3 Bg5 17. Be3 Bxe3 18. Rxe3 Rfe8 19. Rae1 Kf8 20. Ne4
Rad8 21. c3 Bg6 22. f3 Nf4 23. g3 Nd5 24. R3e2 Re7 25. Kf2 Rde8 26. Nd6 Rxe2+
27. Rxe2 Rxe2+ 28. Kxe2 b5 29. Bxd5 cxd5 30. Nxb5 a5 31. Nc7 Bb1 32. Nxd5 Bxa2
33. Nb6 Ke7 34. Ke3 Be6 35. Kd4 Bh3 36. Nc4 Bg2 37. Ke3 Bf1 38. Nxa5 Kd6 39.
Kd4 Be2 40. f4 f6 41. b4 Bf3 42. c4 Kc7 43. Kc5 g5 44. b5 h5 45. Nc6 h4 46. Nd4
Bg4 47. Kd5 hxg3 48. hxg3 gxf4 49. gxf4 Bh3 50. c5 Kd7 51. c6+ Kc7 52. Kc5 Bc8
53. b6+ Kb8 54. Nb5 f5 55. c7+ Ka8 56. Nd6 Ba6 57. c8=Q+ Bxc8 58. Nxc8 Kb7 59.
Nd6+ Kb8 60. Nxf5 Kb7 61. Nd6+  1-0

[Event "1.Bundesliga Frauen 2019/20"]
[Site "Linz, Volkshaus Bindermichl"]
[Date "2019.10.13"]
[Round "3"]
[Board "4"]
[White "Zeber, Katja"]
[Black "Kimpel, Janine"]
[Result "1/2-1/2"]
[WhiteElo "1618"]
[BlackElo "1843"]
[PlyCount "147"]
[EventDate "2019.10.11"]
[EventType "team"]
[EventRounds "9"]
[EventCountry "AUT"]
[WhiteTeam "SV Kaerntner Stub'n Rapid Feffernitz"]
[BlackTeam "Schach ohne Grenzen"]

1. e4 Nf6 2. e5 Nd5 3. Nf3 d6 4. d4 Nc6 5. Bb5 a6 6. Bxc6+ bxc6 7. h3 e6 8. O-O
Be7 9. Nbd2 O-O 10. Nc4 f6 11. Ne3 Nf4 12. Ng4 fxe5 13. dxe5 c5 14. Re1 d5 15.
c3 Bb7 16. Kh2 c4 17. Bxf4 Rxf4 18. Qd2 Rf8 19. Rad1 c5 20. Qe2 Qe8 21. Rf1 Qg6
22. Ne3 Qf7 23. Ne1 Qf4+ 24. g3 Qxe5 25. Qg4 Rad8 26. N1g2 Bc8 27. Nf4 Qg5 28.
Qe2 Bd6 29. Nfg2 Bc7 30. f4 Qg6 31. Ng4 Rf5 32. Nh4 Qf7 33. Nxf5 exf5 34. Ne3
Re8 35. Qf2 Bb7 36. Nc2 Bb6 37. Rfe1 Rd8 38. b4 cxb3 39. axb3 Qf6 40. Qf3 Ba8
41. Qd3 Bb7 42. Re5 Qc6 43. Qe2 g6 44. Re1 d4 45. cxd4 cxd4 46. Re6 d3 47. Rxc6
dxe2 48. Rxb6 Bf3 49. Re6 Rd2 50. Ne3 a5 51. Re5 Rb2 52. Rxa5 Rxb3 53. Re5 Be4
54. Nd5 Kg7 55. Rxe2 Rb1 56. g4 Rh1+ 57. Kg3 Rg1+ 58. Kh4 h5 59. Ne3 hxg4 60.
hxg4 Bf3 61. gxf5 Bxe2 62. fxg6 Kxg6 63. Rg5+ Rxg5 64. fxg5 Bd3 65. Nd5 Kg7 66.
Nf4 Bc2 67. Kg4 Bb1 68. Kh5 Bf5 69. Nd5 Bg6+ 70. Kg4 Bc2 71. Ne7 Bd1+ 72. Kf4
Bc2 73. Nf5+ Kg6 74. Ne7+  1/2-1/2

[Event "1.Bundesliga Frauen 2019/20"]
[Site "St.Veit/Glan, Blumenhalle"]
[Date "2020.01.10"]
[Round "4"]
[Board "1"]
[White "Cvitan, Ena"]
[Black "Rozman, Monika"]
[Result "1/2-1/2"]
[WhiteElo "2276"]
[BlackElo "2136"]
[PlyCount "51"]
[EventDate "2019.10.11"]
[EventType "team"]
[EventRounds "9"]
[EventCountry "AUT"]
[WhiteTeam "ASVOE Wulkaprodersdorf"]
[BlackTeam "SV Kaerntner Stub'n Rapid Feffernitz"]

1. d4 d5 2. c4 c6 3. cxd5 cxd5 4. Nc3 Nf6 5. Nf3 Nc6 6. Bf4 Bf5 7. e3 e6 8. Qb3
Qb6 9. Qxb6 axb6 10. a3 Be7 11. Be2 O-O 12. O-O Rfc8 13. h3 Na5 14. Nd2 Ne8 15.
Rac1 Bd6 16. Na4 Bxf4 17. exf4 Rxc1 18. Rxc1 Nc6 19. Nxb6 Nxd4 20. Bf1 Rd8 21.
b4 Kf8 22. b5 Rd6 23. Nc8 Rd8 24. Nb6 Rd6 25. Nc8 Rd8 26. Nb6  1/2-1/2

[Event "1.Bundesliga Frauen 2019/20"]
[Site "St.Veit/Glan, Blumenhalle"]
[Date "2020.01.10"]
[Round "4"]
[Board "2"]
[White "Hercog, Nusa"]
[Black "Vujnovic, Patricija"]
[Result "1/2-1/2"]
[WhiteElo "2042"]
[BlackElo "2103"]
[PlyCount "69"]
[EventDate "2019.10.11"]
[EventType "team"]
[EventRounds "9"]
[EventCountry "AUT"]
[WhiteTeam "SV Kaerntner Stub'n Rapid Feffernitz"]
[BlackTeam "ASVOE Wulkaprodersdorf"]

1. d4 d5 2. c4 e6 3. Nf3 c6 4. Qb3 Nf6 5. Nc3 Be7 6. Bg5 Nbd7 7. e3 O-O 8. Rd1
h6 9. Bh4 b6 10. Bd3 Bb7 11. cxd5 exd5 12. O-O Re8 13. Rfe1 Ne4 14. Bxe7 Qxe7
15. Nd2 Ndf6 16. f3 Nxd2 17. Rxd2 c5 18. Bb1 Rad8 19. Qc2 g6 20. Qd3 Kg7 21.
Qe2 Qe6 22. Qf2 Qc8 23. g4 Re7 24. Qg3 Rde8 25. Kf2 a6 26. h4 b5 27. h5 g5 28.
Bf5 Qc6 29. f4 Qc7 30. fxg5 Qxg3+ 31. Kxg3 hxg5 32. Kf3 c4 33. a3 Bc6 34. Rh2
Ng8 35. Nd1  1/2-1/2

[Event "1.Bundesliga Frauen 2019/20"]
[Site "St.Veit/Glan, Blumenhalle"]
[Date "2020.01.10"]
[Round "4"]
[Board "3"]
[White "Moerwald, Magdalena"]
[Black "Zoehrer, Sarah"]
[Result "1-0"]
[WhiteElo "1791"]
[BlackElo "1667"]
[PlyCount "31"]
[EventDate "2019.10.11"]
[EventType "team"]
[EventRounds "9"]
[EventCountry "AUT"]
[WhiteTeam "ASVOE Wulkaprodersdorf"]
[BlackTeam "SV Kaerntner Stub'n Rapid Feffernitz"]

1. e4 e5 2. Nf3 d6 3. d4 exd4 4. Nxd4 Qh4 5. Nc3 Nf6 6. Nf3 Qg4 7. h3 Qh5 8.
Qe2 Nc6 9. Nb5 Kd8 10. Bg5 Be7 11. O-O-O Bg4 12. Bf4 Bxf3 13. gxf3 a6 14. Nc3
Ne5 15. Rg1 Qxf3 16. Bxe5  1-0